|
|
|
|
| LEADER |
00000nbm0a2200000 4500 |
| 001 |
135685 |
| 005 |
20231031140204.0 |
| 035 |
|
|
|a (RuTPU)RU\TPU\book\147046
|
| 090 |
|
|
|a 135685
|
| 100 |
|
|
|a 20080414d1970 k y0rusy50 ca
|
| 101 |
0 |
|
|a rus
|
| 102 |
|
|
|a RU
|
| 105 |
|
|
|a a m 001zy
|
| 200 |
1 |
|
|a Разработка и исследование прецизионных широкополосных источников калиброванного напряжения
|e Диссертация на соискание ученой степени кандидата технических наук
|f Ю. М. Фомичев
|g Томский политехнический институт (ТПИ) ; науч. рук. М. С. Ройтман
|
| 210 |
|
|
|a Томск
|d 1970
|
| 215 |
|
|
|a 165 л.
|c ил.
|
| 320 |
|
|
|a Библиогр.: с. 156-165 (107 назв.)
|
| 610 |
1 |
|
|a диссертации
|
| 610 |
1 |
|
|a прецизионные источники
|
| 610 |
1 |
|
|a широкополосные источники
|
| 610 |
1 |
|
|a калиброванные напряжения
|
| 610 |
1 |
|
|a электронные вольтметры
|
| 610 |
1 |
|
|a проектирование
|
| 610 |
1 |
|
|a регулирующая аппаратура
|
| 610 |
1 |
|
|a компараторы
|
| 610 |
1 |
|
|a критерии качества
|
| 610 |
1 |
|
|a генераторы-калибраторы
|
| 610 |
1 |
|
|a реализация
|
| 675 |
|
|
|a 621.316.7(04)
|v 3
|
| 700 |
|
1 |
|a Фомичев
|b Ю. М.
|
| 702 |
|
1 |
|a Ройтман
|b М. С.
|c российский ученый
|c радиотехник
|c Заслуженный профессор ТПУ
|f 1933-
|g Марсель Самуилович
|2 stltpush
|3 (RuTPU)RU\TPU\pers\19859
|4 727
|
| 712 |
0 |
2 |
|a Томский политехнический институт (ТПИ)
|c (1944-1991)
|2 stltpush
|3 (RuTPU)RU\TPU\col\1123
|
| 801 |
|
1 |
|a RU
|b 63413507
|c 20080414
|g PSBO
|
| 942 |
|
|
|c BK
|